| 000 | 01571 a2200481 4500 | ||
|---|---|---|---|
| 999 |
_c63914 _d16881 |
||
| 001 | 63914 | ||
| 003 | TR-AnTOB | ||
| 005 | 20200622153657.0 | ||
| 008 | 071003r20061999enka b 001 0 eng | ||
| 015 | _aGBA0-X4252 | ||
| 020 | _a0521789885 (pbk.) | ||
| 020 | _z0521623219 | ||
| 020 | _a9780521623216 | ||
| 020 | _a9780521789882 (pbk.) | ||
| 040 |
_aUKM _cUKM _dC _dODC |
||
| 041 | _aeng | ||
| 050 |
_aQA351 _b.A53 2006 |
||
| 090 | _aQA351 .A53 2006 | ||
| 092 |
_a515.55 _bA265s |
||
| 100 |
_aAndrews, George E., _d1938- _934614 |
||
| 245 | 0 |
_aSpecial functions / _cGeorge E. Andrews, Richard Askey, Ranjan Roy. |
|
| 250 | _a1st pbk. ed. | ||
| 264 | 1 |
_aCambridge, U.K. ; _aNew York : _bCambridge University Press, _c2000, reprint 2006. |
|
| 300 |
_axvi, 664 p. : _bill. ; _c24 cm. |
||
| 336 |
_2rdacontent _atext _btxt |
||
| 337 |
_2rdamedia _aunmediated _bn |
||
| 338 |
_2rdacarrier _avolume _bnc |
||
| 490 | 0 |
_aEncyclopedia of Mathematics and Its Applications ; _v71 |
|
| 500 | _aOriginally published: 1999. | ||
| 504 | _aIncludes bibliographical references (p. 641-653) and indexes. | ||
| 650 | 0 |
_aFunctions, Special _934617 |
|
| 650 | 0 |
_aHypergeometric series _936893 |
|
| 650 | 0 |
_aHypergeometric functions _936894 |
|
| 650 | 7 |
_aFonksiyonlar, Özel _2etuturkob _936895 |
|
| 650 | 7 |
_aHipergeometrik seriler _2etuturkob _936896 |
|
| 650 | 7 |
_aHipergeometrik fonksiyonlar _2etuturkob _936897 |
|
| 700 |
_aAskey, Richard _934615 |
||
| 700 |
_aRoy, Ranjan, _d1948- _934616 |
||
| 901 | _a0020975 | ||
| 902 | _aSA | ||
| 942 |
_cBK _2lcc |
||